Nonstandard analysis and its applications

Αποθηκεύτηκε σε:
Λεπτομέρειες βιβλιογραφικής εγγραφής
Άλλοι συγγραφείς: Cutland, Nigel (Επιμελητής έκδοσης)
Μορφή: Βιβλίο
Γλώσσα:English
Δημοσίευση: Cambridge, [England] ; New York : Cambridge University Press, 1988.
Σειρά:London Mathematical Society student texts ; 10
Θέματα:
Ετικέτες: Προσθήκη ετικέτας
Δεν υπάρχουν, Καταχωρήστε ετικέτα πρώτοι!

MARC

LEADER 00000cam a2200000 i 4500
001 1/37666
008 941103s1988####enk| ||| |||| ||eng||
020 |a 052135109X 
020 |a 0521359473 
035 |l 10040568 
035 |a 1990  |c ΧΑΤΖΗΣΑΒΒΑΣ 
040 |a GR-MyUA  |b gre  |e AACR2 
041 0 |a eng 
082 0 |a 515.1   |2 (19) 
245 1 0 |a Nonstandard analysis and its applications /   |c edited by Nigel Cutland  
260 |a Cambridge, [England] ;   |a New York :   |b Cambridge University Press,   |c 1988.  
300 |a xiii, 346 σ. ;   |c 24 εκ.  
490 1 |a (London Mathematical Society student texts   |v ; 10)  
500 |a Papers presented at a conference held at the University of Hull in 1986 
504 |a Περιέχει βιβλιογραφικές αναφορές και ευρετήριο.  
650 0 0 |a Nonstandard mathematical analysis  |x Congresses. 
700 1 |a Cutland, Nigel,  |e edt 
830 0 |a London Mathematical Society student texts ;  |v  10 
852 |a INST  |b SAMOS  |e 19941103  |h 515.1 NON  |p 005300004029  |q 005300004029  |t BK  |y 0 
909 |a Σ  |b 018985